| 000 | 00542nam a2200169 i 4500 | ||
|---|---|---|---|
| 001 | 65703 | ||
| 003 | ES-MaACL | ||
| 005 | 20230906165441.0 | ||
| 007 | t| | ||
| 008 | 040120s1966 sp ||||1| spa d | ||
| 100 | 1 |
_aFuenmayor, Amadeo de. _952821 |
|
| 245 | 1 | 3 |
_aEl convenio entre la Santa Sede y EspaƱa sobre Universidades de estudios civiles / _cAmadeo de Fuenmayor. |
| 260 |
_aPamplona : _bUniversidad de Navarra, _c1966. |
||
| 300 |
_a310 p. ; _c23 cm. |
||
| 852 |
_aES-MaACL _jC-29341 _bR.59729 |
||
| 852 |
_aES-MaACL _jC-34047 _bR.65161 |
||
| 999 |
_c65703 _d65703 |
||